Pasqua: canti per la messa (Record n. 103018)
[ formato base ]
| 000 -LEADER | |
|---|---|
| fixed length control field | 02004njm a2200325Ia 4500 |
| 001 - CONTROL NUMBER | |
| control field | G7135 |
| 003 - CONTROL NUMBER IDENTIFIER | |
| control field | IT-RoPAU |
| 005 - DATE AND TIME OF LATEST TRANSACTION | |
| control field | 20220918181201.0 |
| 008 - FIXED-LENGTH DATA ELEMENTS--GENERAL INFORMATION | |
| fixed length control field | 131025s9999 xx 000 0 und d |
| 040 ## - CATALOGING SOURCE | |
| Original cataloging agency | IT-RoPAU |
| 040 ## - CATALOGING SOURCE | |
| Transcribing agency | IT-RoPAU |
| 041 ## - LANGUAGE CODE | |
| Language code of text/sound track or separate title | ITALIANO |
| 999 ## - SYSTEM CONTROL NUMBERS (KOHA) | |
| Koha Dewey Subclass [OBSOLETE] | n.d. |
| 100 ## - MAIN ENTRY--PERSONAL NAME | |
| Personal name | Giudici Vincenzo |
| 9 (RLIN) | 33018 |
| 100 ## - MAIN ENTRY--PERSONAL NAME | |
| Relator term | Autore musica |
| 9 (RLIN) | 33019 |
| 100 ## - MAIN ENTRY--PERSONAL NAME | |
| Miscellaneous information | Codice autore musica SPICS: 12549 |
| 9 (RLIN) | 33020 |
| 245 ## - TITLE STATEMENT | |
| Title | Pasqua: canti per la messa |
| 250 ## - EDITION STATEMENT | |
| Edition statement | 1a ed. |
| 260 ## - PUBLICATION, DISTRIBUTION, ETC. (IMPRINT) | |
| Place of publication, distribution, etc. | ROMA |
| 260 ## - PUBLICATION, DISTRIBUTION, ETC. (IMPRINT) | |
| Name of publisher, distributor, etc. | AUDIOVISIVI PAOLINE |
| Date of publication, distribution, etc. | 2000 [1a Ed.:1997 - Ed. Lingua Orig.: 1997] |
| 300 ## - PHYSICAL DESCRIPTION | |
| Extent | COMPACT DISC |
| 300 ## - PHYSICAL DESCRIPTION | |
| Dimensions | 29 minuti (Testo: 12 pag.) |
| 500 ## - GENERAL NOTE | |
| General note | Musica religiosa, liturgica. 11 brani pasquali. Realizzazione e direzione: Antonio Parisi; violoncello: Sara Gentile; tromba: Cesare Dell'Anna; registrazione: Studio Crescendo, Bari; tecnico del suono: Mario Bernardi; Digital Mastering: Marcello Spiridioni, Video Recording, Roma; in copertina: ambone della cattedrale di Salerno;. grafica: Paola Baldo. |
| 505 ## - FORMATTED CONTENTS NOTE | |
| Formatted contents note | Canti per i riti inziali della messa: Oggi è risorto (Parisi-Galliano, 3:27) - Io sono risorto (Liberto-Di Simone, 3:06) - Splendore del padre (Giudici-Crivelli, 3:05) - Gloria (Giudici-Liturgia, 2:48). Canti per la liturgia della parola: Questo è il giorno (Giudici-Liturgia, 2:04) - Sequenza pasquale (Giudici-Liturgia, 2:04) - Alleluia, parola vivente (Giudici-Crivelli, 1:58) - Alleluia, Cristo nostra Pasqua (Parisi-Liturgia, 1:17) - E' la Pasqua del Signore (Parisi-Ladisa, 3:03). Altri canti: Cristo mia speranza è risorto (Giudici-Galliano, 3:02) - Alla vittima pasquale (Rainoldi-Liturgia, 4:04). |
| 511 ## - PARTICIPANT OR PERFORMER NOTE | |
| Participant or performer note | Coro e Voci Soliste: Maria Luisa Dituri, Nicola Amodio diretti da Antonio Parisi |
| 650 ## - SUBJECT ADDED ENTRY--TOPICAL TERM | |
| Topical term or geographic name as entry element | LITURGICO [COMPACT DISC] |
| Relator term | Codice MATERIA SPICS: 9949 |
| 9 (RLIN) | 27069 |
| 700 ## - ADDED ENTRY--PERSONAL NAME | |
| Personal name | Galliano Annamaria |
| Relator term | Autore testo |
| Miscellaneous information | Codice autore testo SPICS: 5671 |
| 9 (RLIN) | 33021 |
| 700 ## - ADDED ENTRY--PERSONAL NAME | |
| Personal name | Parisi Antonio |
| Relator term | Autore |
| Miscellaneous information | Codice autore SPICS: 35389 |
| 9 (RLIN) | 33022 |
| 942 ## - ADDED ENTRY ELEMENTS (KOHA) | |
| Koha item type | CD AUDIO |
| Source of classification or shelving scheme | Dewey Decimal Classification |
| Withdrawn status | Lost status | Damaged status | Not for loan | Home library | Current library | Date acquired | Total Checkouts | Full call number | Date last seen | Price effective from | Koha item type | Public note |
|---|---|---|---|---|---|---|---|---|---|---|---|---|
| Buone Condizioni | Not For Loan | SPICS-MEDIATECA | SPICS-MEDIATECA | 25/10/2013 | G7135 | 25/10/2013 | 25/10/2013 | CD AUDIO | Progr. Ins.: 22895 / N.Vol.: 1 / Copie: 1 - Copia rara: n.d. / date import: 01.01.2014 - By Epidotti, Trombetti, Vaglietti |